000
00194 a2200097 4500
020
_a
9789996411298
041
_a
spa
100
_a
Bustamante Cortez, Sergio
245
_a
Tito y Rayo
942
_c
BK
999
_c
31478
_d
31476